000 00661nam a2200241Ia 4500
003 OSt
005 20220918175932.0
006 a|||||r|||| 00| 0
007 ta
008 220917b |||||||| |||| 00| 0 eng d
024 _a19,777
037 _cTextual
040 _aARTS
_cARTS
_beng
041 _2eng
_aeng
082 _aO:3L707:11:g, L0-;1
100 _aCompton Neil
_955267
245 0 _aHenry Fielding
_b Tom Jones
260 _aLondon
_bMacMillan
_c1970
490 _aCasebook series ed by A E EDyson
650 _aENGLISH LITERATURE
942 _hO:3L707:11:g, L0-;1
_cTEXL
_2CC
999 _c159647
_d159647